| 000 | 00918namaa22001931 4500 | ||
|---|---|---|---|
| 001 | 173838 | ||
| 003 | ES-MaACL | ||
| 005 | 20251005063134.0 | ||
| 008 | 100125s1862 sp |||| | spa d | ||
| 040 |
_aSpMaBN _bspa _cA2 |
||
| 100 | 1 |
_aFerrer del Río, Antonio, _d1814-1872 _950459 |
|
| 245 | 1 | 4 |
_aLos herederos _b: zarzuela en un acto, y en prosa y verso / _cescrita con el pensamiento de una comedia francesa antigua por Antonio Ferrer del Rio ; y puesta en musica por D. Francisco Asenjo Barbieri. |
| 260 |
_aMadrid : _b[s.n.], _c1862 ( _fImp. de José Rodríguez) |
||
| 300 |
_a23 p. ; _c17 cm. |
||
| 500 | _aSolo la letra. | ||
| 700 | 1 |
_aBarbieri, Francisco A., _d1823-1894 _925463 |
|
| 852 |
_aES-MaACL _jF-8618(12) _z.- Enc. pasta española _q.- Falto de la cub. original _z.- Enc. en un vol. facticio formando parte de la col. facticia "Teatro español moderno", vol. 73 |
||
| 999 |
_c173838 _d173838 |
||